000 00588nam a2200217Ia 4500
005 20250923150038.0
008 008 250917s9999 xx 000 0 eng d
037 _aTextual
040 _aDSWL
_beng
_cDSWL
041 _aeng
_2eng
084 _aYx;4, N98
_qDSWL
100 _aWallace, S.A.
_9841614
245 0 _aBecoming a professional counselor
_c by S.A. Wallace
260 _aLondon
_bSage
_c1998
300 _a223 p.
365 _aINR
_b1344.76
700 _a M.D. Lewis
_9841615
925 _g1344.76
942 _cTEXL
_hYx;4, N98
999 _c1458915
_d1458915